[Event "Augsburg Afro op"]
[Site "Augsburg"]
[Date "1997.??.??"]
[Round "4"]
[White "Oschetzki, Stefan"]
[Black "Mauss, Ernst"]
[Result "1-0"]
[WhiteElo "2150"]
[BlackElo "1745"]
[PlyCount "39"]
[EventDate "1997.??.??"]
[EventType "swiss"]
[EventRounds "7"]
[EventCountry "GER"]
[SourceTitle "EXT 2006"]
[Source "ChessBase"]
[SourceDate "2005.11.24"]
[SourceVersion "1"]
[SourceVersionDate "2005.11.24"]
[SourceQuality "1"]

1. e4 c6 2. d4 d6 3. Nc3 Qc7 4. f4 e5 5. Nf3 Bg4 6. Be2 Nd7 7. 0-0 Ngf6 8. Be3 Be7 9. a4 a5 10. Nd2 Bxe2 11. Qxe2 0-0 12. Nc4 exd4 13. Bxd4 Rfe8 14. Qf3 Nxe4 15. Nxe4 d5 16. Qg4 g6 17. Ne5 f5 18. Qg3 dxe4 19. Qb3+ Kg7 20. Nxd7+ 1-0